Quiz dos Emirados Árabes Unidos - Statistics

Estatísticas Gerais
  • Esse quiz foi jogado 950 vezes
  • A pontuação média é 11 de 18
Estatísticas das Respostas
Dica Resposta % Correto
Maior cidade Dubai
95%
Língua oficial Árabe
94%
Países que fazem fronteira com os EAU Arábia Saudita
93%
Capital Abu Dhabi
88%
Edifício mais alto do mundo Burj {Khalifa}
85%
Países que fazem fronteira com os EAU Omã
84%
Tipo de exportação mais importante Petróleo
80%
Golfo fazendo fronteira com os EAU Golfo Pérsico
75%
A cidade acima tem o terceiro ____ mais movimentado do mundo, atrás apenas de Atlanta e Pequim Aeroporto
69%
País do qual os Emirados Árabes Unidos conquistaram sua independência em 1971 Reino Unido
64%
Mais de um quarto da população emiradense nasceram neste país Índia
54%
Esporte popular que antes empregava crianças, mas agora usa robôs Corrida de {camelo}
37%
Parque temático com tema automotivo que abriga a montanha-russa mais rápida do mundo {Ferrari} World
36%
Tipo de pássaro que aparece no emblema nacional Falcão
35%
Moeda oficial Dirrã
29%
Este hotel é considerado como o único hotel sete estrelas do mundo Burj Al Arab
28%
Terceira maior cidade Xarja
20%
Ilha onde o acima está localizado Yas
14%
Nenhum quiz correspondente encontrado
Distribuição das Pontuações
Porcentagem de Pessoas com Cada Pontuação
Percentil de Números Respondidos
Sua Pontuação Histórica
Você não jogou esse quiz